000 00306nam a2200133 4500
020 _a81-239-0290-5
040 _c0
082 _a671.2
_bK9636 F
100 _aDharmendra Kumar
_9130460
245 _aFoundry Technology
260 _aNew Dehli
_bCBS Publishers
_c2015
300 _a427p.
942 _2ddc
_cBK
999 _c614648
_d614648